000 00707nam a2200205 a 4500
001 000041332
005 20201002034809.0
008 130930s1992 sp 000 0 spa d
020 _a8400072219
040 _aDO-SdBNP
_bspa
_cBNPHU
082 _axxxxx
_bxxxxx
100 1 _aBarona Vilar, Josep Lluis
_967974
245 1 3 _aLa doctrina y el laboratorio :
_bfisiología y experimentación en la sociedad española del siglo xix /
_cJosep Lluis Barona Vilar.
260 _aMadrid, :
_bCSIC,
_c1992.
300 _a323 p. ;
_c22 cm.
490 1 _aEstudios sobre la ciencia
_v16
500 _aIncluye índice analítico
504 _aBibliografías : p. 285-315
830 0 _aEstudios sobre la ciencia
_v16
_938739
999 _c40822
_d40822